000 00531nam a22001937a 4500
003 OSt
005 20250617142210.0
008 250617b |||||||| |||| 00| 0 eng d
020 _a9789384533168
040 _aKABU
_cKABU
050 _aQD151.3
_b.T43 2018
100 _aThakur, O.P.
245 _aConcise :
_binorganic chemistry /
_cO. P. Thakur
260 _aDelhi:
_bAmiga Press,
_c2018
300 _aviii, 216p.
504 _aIncludes bibliographical references and index
650 _aInorganic chemistry
942 _2lcc
_cBK
999 _c20743
_d20742